| 000 | 00664cam a22001817a 4500 | ||
|---|---|---|---|
| 020 | _a9789251077627 | ||
| 020 | _a9251077622 | ||
| 040 | _cDKU | ||
| 082 | 0 | 4 | _a338 PLA 2013 A015 Or. |
| 245 | 0 | 0 |
_aAgricultural mechanization in sub-Saharan Africa : _bguidelines for preparing a strategy / |
| 260 |
_aRome : _bPlant Production and Protection Division, Food and Agriculture Organization of the United Nations, _c2013. |
||
| 300 |
_axiv, 93 p. : _bill. (some col.) ; _c25 cm. |
||
| 490 | 1 | _aIntegrated crop management, | |
| 650 | 0 | _aFarm mechanization | |
| 700 | 1 | _aHoumy, Karim, | |
| 710 | 2 | _aFood and Agriculture Organization of the United Nations. | |
| 942 | _cEK | ||
| 999 |
_c11553 _d11553 |
||